005740000a2200157000450024501100000065000180011065000230012865000150015165000320016665100500019865100390024865100310028704100130031810000180033177300670034910aSome range extensions and five species new to Colombia, with notes on some scarce or little known species14aOrnitología14aRango de hábitat14aEtología14aDistribución geográfica 4lParque Nacional AmacayacudAmazonaspColombia 4lCerro TacarcunadChocópColombia 4lTurbodAntioquiapColombia0 aInglés1 aPearman, Mark1 tBulletin British Ornithological Club3201h2q66-75d1993g113